00218nam a2200085Ia 4500008004100000082001800041100002000059245004000079300001300119230907s9999||||xx |||||||||||||| ||und|| a745.2068bSHE aShetty, Devdas. 0aAise product design for engineers / apages cm